Statistics for Australian Pigeons and Doves

Click here to take the quiz!

General Stats

  • This quiz has been taken 51 times
  • The average score is 11 of 26

Answer Stats

Answer% Correct
Rock Dove
67%
Bar-shouldered Dove
56%
Common Bronzewing
56%
Diamond Dove
56%
Peaceful Dove
56%
Spotted Dove
56%
Topknot Pigeon
56%
Brush Bronzewing
44%
Crested Pigeon
44%
Emerald Dove
44%
Flock Bronzewing
44%
Spinifex Pigeon
44%
White-headed Pigeon
44%
White-quilled Rock-Pigeon
44%
Wonga Pigeon
44%
Banded Fruit-Dove
33%
Chestnut-quilled Rock-Pigeon
33%
Laughing Dove
33%
Pied Imperial-Pigeon
33%
Rose-crowned Fruit-Dove
33%
Superb Fruit-Dove
33%
Wompoo Fruit-Dove
33%
Brown Cuckoo-Dove
22%
Partridge Pigeon
22%
Squatter Pigeon
22%
Black-collared Fruit-Pigeon
0%

Score Distribution

Percentile by Number Answered

Percent of People with Each Score

Your Score History

You have not taken this quiz